01839nad a2200445 ib450000100060000000300090000600500170001500800390003204000270007104100230009804600090012108000130013008000130014308000120015608000090016824502490017726000720042630000270049833600270052533700520055233800280060438000140063238000230064638800140066938800140068350400340069754600850073165000180081665000410083465500290087565800280090470000440093271000760097671000690105277300530112185600980117485600920127294200120136499900170137634893KOSZ 00520220223150823.0980711s1994 pl a f |100 0 pol aWA NcWANdKOSZ 005/HR0 apolaengbengbpol k1994 a 004.42  a004.413  a519.863 a(06)00aPolioptymalizacja i komputerowe wspomaganie projektowania - Mielno 1993 :bmateriały XI Ogólnopolskiej Konferencji /c[redakcja Wojciech Tarnowski] ; Wyższa Szkoła Inżynierska w Koszalinie. Katedra Projektowania Systemów Technicznych. aKoszalin :bWydawnictwo Wyższej Szkoły Inżynierskiej,c[1994]. a85 s. :bil. ;c23 cm. 2rdacontentaTekstbtxt 2rdamediaaBez urzadzenia pośredniczącegobn 2rdacarrieraWoluminbnc aArtykuły aPublikacje naukowe a1901-2000 a1989-2000 aBibliografia przy referatach. aTekst częściowo angielski. Streszczenia angielskie, polskie przy referatach. 4aOptymalizacja 4aProjektowanie wspomagane komputerowo 4aMateriały konferencyjne aInżynieria i technika1 aTarnowski, Wojciechd(1936- )eRedakcja2 aWydawnictwo Uczelniane (Wyższa Szkoła Inżynierska ; Koszalin)4pbl2 aWydział Mechaniczny (Wyższa Szkoła Inżynierska ; Koszalin)0 079143tZeszyty Naukowe Wydziału Mechanicznego / uhttp://koha.tu.koszalin.pl/cgi-bin/koha/opac-detail.pl?biblionumber=34893yKatalog online BPK uhttp://dlibra.tu.koszalin.pl/dlibra/docmetadata?id=1348&from=latestyBiblioteka Cyfrowa 2UKDcKS c34893d34893